Normal view
MARC view
- المحافظة، علي
Entry Personal Name
001 - CONTROL NUMBER
- control field: 57251
003 - CONTROL NUMBER IDENTIFIER
- control field: JO-AjAnu
005 - DATE AND TIME OF LATEST TRANSACTION
- control field: 20230606083357.0
008 - FIXED-LENGTH DATA ELEMENTS
- fixed length control field: 230606|| aca||aabn | a|a d
040 ## - CATALOGING SOURCE
- Original cataloging agency: JO-AjAnu
- Transcribing agency: JO-AjAnu
100 ## - HEADING--PERSONAL NAME
- Personal name: المحافظة، علي
670 ## - SOURCE DATA FOUND
- Source citation: Work cat.: (JO-AjAnu)29211: المحافظة، علي, author, الاتجاهات الفكرية عند العرب في عصر النهضة 1798-1914 : الاتجاهات الدينية والسياسية والاجتماعية والعلمية